Statystyki dla ŻYWNOŚĆ W KOLORZE ŻÓŁTYM:

Kliknij tutaj aby rozwiązać quiz!

Ogólne statystyki

  • Ten quiz został rozwiązany 62 razy
  • Średni wynik to 3 z 5

Statystyki odpowiedzi

Odpowiedź% Poprawnych
CYTRYNA
85%
BANAN
75%
SER
67%
PAPRYKA
46%
KUKURYDZA
25%

Rozkład punktacji

Percentyl według liczby udzielonych odpowiedzi

Procent ludzi z każdym wynikiem

Twoja historia wyników

Nie rozwiązałeś tego quizu